Ontologia /

Guardado en:
Detalles Bibliográficos
Autor principal: Remer, Vincentio (autor)
Formato: Libro
Idioma:latín
Edición:5a edición
Colección:(Summa Philosophiae Scholasticae ; 3)
Temas:
Etiquetas: Agrega una etiqueta
Sin etiquetas, Sé el primero en etiquetar este registro!

MARC

LEADER 00000nam^a2200000^a^4500
001 000345878
005 20250521000000.0
009 20260310114730.658
037 |a Acervo Xavier Clavigero 
041 |a LAT 
082 |a 111.  |b REM 
100 |a Remer, Vincentio  |e (autor) 
245 1 0 |a Ontologia /  |c V. Remer. 
250 |a 5a edición  |b corregida y aumentada 
264 |a Roma, Italia :  |b Pontificia Università Gregoriana,  |c 1925 
300 |a VII, 247 p. 
336 |a texto  |b txt  |2 rdacontenido 
337 |a sin mediación  |b n  |2 rdamedio 
338 |a volumen  |b nc  |2 rdasoporte 
440 1 |a (Summa Philosophiae Scholasticae ;  |v 3) 
649 |a XX 
650 |a Hilomorfismo 
650 |a Causalidad 
650 |a Trascendentales 
650 |a Substancia (Filosofía) 
650 |a Ontología -  |x Tema Principal 
650 |a Metafísica 
650 |a Filosofía 
910 |a Fondo General 
920 |a Impresos - Libros 
930 |a Colección General 
905 |a 101 
901 |a 012886  |b IT1  |c ACC  |u 20250521 
902 |a https://opac.biblio.iteso.mx/vufind/Record/000345878